| 000 | 00558nam a22002171a 4500 | ||
|---|---|---|---|
| 999 |
_c4266 _d4266 |
||
| 001 | 4266 | ||
| 003 | BD-JhCC | ||
| 005 | 20171126085516.0 | ||
| 008 | 171125b19381964e p|||| || | 000 0 eng d | ||
| 035 | _a(BD-JhCC)4266 | ||
| 040 |
_aBD-JhCC _dBD-JhCC |
||
| 041 | _aeng | ||
| 082 |
_a823.914 _bGAM 1964 |
||
| 100 | _aGampbell, G. A. | ||
| 245 |
_aOur letters in the Post / _c G. A. Gampbell, |
||
| 260 |
_aLondon : _bOxford University Press, _c1964. |
||
| 300 |
_a77 p. : _bill. ; _e18 cm. |
||
| 650 | _aEnglish Stories | ||
| 942 |
_2ddc _cBK |
||